Les films de Charlie Chaplin en images. - Statistiques

Statistiques générales
  • Ce quiz a été pris 18 fois
  • Le résultat moyen est 7 sur 16
Statistiques - réponses
Par images Réponse % Correct
Le Dictateur
100%
Les Temps modernes
100%
Le Kid
82%
Les Lumières de la ville
76%
La Ruée vers l'or
65%
Le Cirque
59%
La Comtesse de Hong-Kong
41%
Monsieur Verdoux
41%
Charlot soldat
35%
Les Feux de la rampe
35%
Un roi à New York
35%
L'Opinion publique
18%
Une vie de chien
12%
Charlot policeman
6%
L'Émigrant
6%
Charlot patine
0%
Aucun quiz correspondant
Distribution des résultats
% des personnes avec chaque résultat
Percentile par nombre de réponses
Votre historique - résultats
Vous n’avez pas pris ce quiz